Bharatbarshar itihas (prachin jugar pora 1526 khristabdo)/ (Record no. 11399)

MARC details
000 -LEADER
fixed length control field 00695nam a22002177a 4500
005 - DATE AND TIME OF LATEST TRANSACTION
control field 20260515114931.0
008 - FIXED-LENGTH DATA ELEMENTS--GENERAL INFORMATION
fixed length control field 220930b ||||| |||| 00| 0 eng d
020 ## - INTERNATIONAL STANDARD BOOK NUMBER
International Standard Book Number 9789385439766
040 ## - CATALOGING SOURCE
Original cataloging agency IN-DiNC
Transcribing agency IN-DiNC
041 ## - LANGUAGE CODE
Language code of sung or spoken text asm
082 ## - DEWEY DECIMAL CLASSIFICATION NUMBER
Classification number 934
Item number GOS
100 ## - MAIN ENTRY--PERSONAL NAME
Personal name Goswami, Pankaj
Relator term author
245 ## - TITLE STATEMENT
Title Bharatbarshar itihas (prachin jugar pora 1526 khristabdo)/
Statement of responsibility, etc. by Pankaj Goswami, Gita Rani Goswami and Raktim Jyoti Hazarika
250 ## - EDITION STATEMENT
Edition statement 1st ed.
260 ## - PUBLICATION, DISTRIBUTION, ETC.
Place of publication, distribution, etc. Jorhat:
Name of publisher, distributor, etc. Bidya bhawan,
Date of publication, distribution, etc. 2020.
300 ## - PHYSICAL DESCRIPTION
Extent 488p.
650 ## - SUBJECT ADDED ENTRY--TOPICAL TERM
Topical term or geographic name entry element History of India from the earliest times to 1526
700 ## - ADDED ENTRY--PERSONAL NAME
Personal name Goswami, Gita Rani
Relator term author
700 ## - ADDED ENTRY--PERSONAL NAME
Personal name Hazarika, Raktim Jyoti
Relator term author
942 ## - ADDED ENTRY ELEMENTS (KOHA)
Source of classification or shelving scheme Dewey Decimal Classification
Koha item type Books
Holdings
Withdrawn status Lost status Source of classification or shelving scheme Damaged status Not for loan Collection Home library Current library Shelving location Date acquired Cost, normal purchase price Total checkouts Full call number Barcode Date last seen Date last checked out Copy number Price effective from Koha item type
    Dewey Decimal Classification       Naharkatiya College Library Naharkatiya College Library General stacks 09/30/2022 320.00 9 934 GOS 28915 02/14/2025 01/25/2025 1 09/30/2022 Books
    Dewey Decimal Classification       Naharkatiya College Library Naharkatiya College Library General stacks 09/30/2022 320.00 1 934 GOS 28916 02/10/2025 10/26/2024 2 09/30/2022 Books
    Dewey Decimal Classification       Naharkatiya College Library Naharkatiya College Library General stacks 09/30/2022 320.00 5 934 GOS 28917 02/14/2025 01/22/2025 3 09/30/2022 Books
    Dewey Decimal Classification       Naharkatiya College Library Naharkatiya College Library General stacks 01/21/2023 320.00 15 934 GOS 29146 10/16/2025 10/10/2025 4 01/21/2023 Books
    Dewey Decimal Classification       Naharkatiya College Library Naharkatiya College Library General stacks 01/21/2023 320.00 2 934 GOS 29147 10/24/2024 10/03/2024 5 01/21/2023 Books
    Dewey Decimal Classification       Naharkatiya College Library Naharkatiya College Library General stacks 01/21/2023 320.00 1 934 GOS 29148 02/06/2023 02/06/2023 6 01/21/2023 Books